| 000 | 00393nam a22001337a 4500 | ||
|---|---|---|---|
| 082 |
_a624.171 _bJAK _cL-20, P-74 |
||
| 100 |
_aJakkula, A.A _942727 |
||
| 245 |
_aFundamentals of structural analysis / _cA.A Jakkula |
||
| 260 |
_aLondon : _bD. Van Nostrand Company, Inc. _c1953. |
||
| 300 | _aviii, 288 p. : | ||
| 526 |
_a0 _b0 _c0 _d624_171000000000000_JAK |
||
| 650 |
_aMCE _9379 |
||
| 942 |
_2ddc _cBK |
||
| 999 |
_c546576 _d546576 |
||